000 00203 a2200097 4500
001 43712
100 _aWard
245 _aThe use of tenses in English
260 _a
_bLongmans
_c
090 _c27490
_d27490
942 _aNUST-CAE
_cM
_c19436
999 _c278785
_d278785